| 000 | 00702pam a2200229 a 4500 | ||
|---|---|---|---|
| 001 | 581346 | ||
| 005 | 20180202070840.0 | ||
| 008 | 900209s1990 nyua j b 001 0 eng | ||
| 010 | _a 90032658 | ||
| 020 | _a0531109550 | ||
| 040 |
_aDLC _cDLC _dDLC |
||
| 041 | _aeng | ||
| 042 | _alcac | ||
| 080 | _a618.920043 GRA | ||
| 082 | 0 | 0 |
_a618.920043 GRA _220 |
| 100 | 1 | _a3 | |
| 101 | _aSHM | ||
| 245 | 1 | 0 |
_aUnderstanding birth defects / _cKaren Gravelle. |
| 906 |
_a7 _bcbc _corignew _d1 _eocip _f19 _gy-gencatlg |
||
| 942 |
_2ddc _cBK |
||
| 999 |
_c41635 _d41635 |
||